[Event "HUN-chT2 Toth 1516"]
[Site "Hungary"]
[Date "2016.04.03"]
[Round "10.8"]
[White "Bartos, Ferenc"]
[Black "Diamant, Tibor"]
[Result "1/2-1/2"]
[WhiteElo "1806"]
[BlackElo "2039"]
[PlyCount "33"]
[EventDate "2015.09.13"]
[EventType "team-tourn"]
[EventRounds "11"]
[EventCountry "HUN"]
[SourceTitle "EXT 2017"]
[Source "ChessBase"]
[SourceDate "2016.10.25"]
[SourceVersion "1"]
[SourceVersionDate "2016.10.25"]
[SourceQuality "1"]
[WhiteTeam "Roszke"]
[BlackTeam "Mako SVSE II"]
[WhiteTeamCountry "HUN"]
[BlackTeamCountry "HUN"]

1. e4 c5 2. Nc3 Nc6 3. f4 g6 4. Nf3 Bg7 5. Bc4 e6 6. d3 Nge7 7. Qe2 0-0 8. e5 d6 9. exd6 Nf5 10. Ne4 b6 11. c3 Nxd6 12. Bb3 Bb7 13. 0-0 Qc7 14. Nfg5 Rae8 15. Nxd6 Qxd6 16. f5 Nd8 17. fxe6 1/2-1/2

[Event "HUN-chT2 Toth 1516"]
[Site "Hungary"]
[Date "2016.03.20"]
[Round "9.8"]
[White "Papp, Zoltan"]
[Black "Bartos, Ferenc"]
[Result "1-0"]
[WhiteElo "1844"]
[BlackElo "1806"]
[PlyCount "129"]
[EventDate "2015.09.13"]
[EventType "team-tourn"]
[EventRounds "11"]
[EventCountry "HUN"]
[SourceTitle "EXT 2017"]
[Source "ChessBase"]
[SourceDate "2016.10.25"]
[SourceVersion "1"]
[SourceVersionDate "2016.10.25"]
[SourceQuality "1"]
[WhiteTeam "Toth Laszlo II"]
[BlackTeam "Roszke"]
[WhiteTeamCountry "HUN"]
[BlackTeamCountry "HUN"]

1. d4 f5 2. f4 Nf6 3. Nf3 e6 4. e3 Nc6 5. Bd3 Bb4+ 6. c3 Be7 7. 0-0 0-0 8. Bd2 d6 9. Be1 Qe8 10. Nbd2 Ng4 11. Qe2 Kh8 12. h3 Nf6 13. Bh4 Nd5 14. Bxe7 Qxe7 15. Rae1 e5 16. Bc4 Nb6 17. Bb3 e4 18. Ng5 Na5 19. Nxh7 Nxb3 20. Nxf8 Qxf8 21. axb3 g6 22. g4 Qh6 23. Kg2 Kg7 24. Rh1 Qh4 25. Qf2 g5 26. Qxh4 gxh4 27. g5 Be6 28. Ra1 a6 29. c4 c6 30. Ra5 Rd8 31. Kf2 Kg6 32. Rc1 d5 33. cxd5 Nxd5 34. Nc4 Nb4 35. Ne5+ Kg7 36. Rc3 Nd5 37. Rc1 Nb4 38. Ra4 Nd5 39. Ke2 Nc7 40. Rb4 Nb5 41. Kd2 Bd5 42. Ra1 Ra8 43. Rxb5 cxb5 44. b4 Rc8 45. Rc1 Rxc1 46. Kxc1 Bb3 47. Nd7 Bc4 48. Kd2 Bf1 49. Ke1 Bxh3 50. Kf2 Bg4 51. Nc5 Bd1 52. Nxb7 Bb3 53. Nc5 Bc4 54. Nxa6 Kg6 55. Kg2 Kh5 56. Nc7 Kg4 57. d5 h3+ 58. Kh2 Kf3 59. d6 Kxe3 60. d7 Kf2 61. d8Q e3 62. Qd1 e2 63. Qg1+ Kf3 64. Qg3+ Ke4 65. g6 1-0

[Event "HUN-chT2 Toth 1516"]
[Site "Hungary"]
[Date "2015.12.06"]
[Round "6.9"]
[White "Csipai, Levente"]
[Black "Bartos, Ferenc"]
[Result "0-1"]
[WhiteElo "1865"]
[BlackElo "1806"]
[PlyCount "62"]
[EventDate "2015.09.13"]
[EventType "team-tourn"]
[EventRounds "11"]
[EventCountry "HUN"]
[SourceTitle "CBM 170 Extra"]
[Source "ChessBase"]
[SourceDate "2016.02.25"]
[SourceVersion "1"]
[SourceVersionDate "2016.02.25"]
[SourceQuality "1"]
[WhiteTeam "Szentes Integral"]
[BlackTeam "Roszke"]
[WhiteTeamCountry "HUN"]
[BlackTeamCountry "HUN"]

1. d4 f5 2. c4 e6 3. Nf3 Bb4+ 4. Bd2 Be7 5. g3 Nf6 6. Nc3 0-0 7. Bg2 d6 8. 0-0 Qe8 9. Qc2 Bd8 10. e4 fxe4 11. Nxe4 Nc6 12. Rfe1 Qg6 13. Nh4 Qf7 14. Ng5 Qh5 15. Nhf3 Ng4 16. h4 Bxg5 17. Bxg5 e5 18. Be3 Nxe3 19. fxe3 Rxf3 20. Bxf3 Qxf3 21. Qf2 Bg4 22. d5 Qxf2+ 23. Kxf2 Nb4 24. Rf1 e4 25. Kg1 Bf3 26. Rf2 Nd3 27. Rd2 Rf8 28. Rf1 b6 29. Kh2 Ne5 30. Re1 Rf7 31. Rc1 Ng4+ 0-1

[Event "HUN-chT2 Toth 1516"]
[Site "Hungary"]
[Date "2015.09.13"]
[Round "1.9"]
[White "Brhlik, Gyorgy"]
[Black "Bartos, Ferenc"]
[Result "1-0"]
[WhiteElo "1993"]
[BlackElo "1806"]
[PlyCount "81"]
[EventDate "2015.09.13"]
[EventType "team-tourn"]
[EventRounds "11"]
[EventCountry "HUN"]
[SourceTitle "CBM 170 Extra"]
[Source "ChessBase"]
[SourceDate "2016.02.25"]
[SourceVersion "1"]
[SourceVersionDate "2016.02.25"]
[SourceQuality "1"]
[WhiteTeam "Bekes"]
[BlackTeam "Roszke"]
[WhiteTeamCountry "HUN"]
[BlackTeamCountry "HUN"]

1. d4 f5 2. e4 fxe4 3. Nc3 Nf6 4. Bg5 g6 5. Bxf6 exf6 6. Nxe4 d5 7. Ng3 Bd6 8. Nf3 0-0 9. Be2 c6 10. 0-0 Bg4 11. Ne1 Bxe2 12. Qxe2 Re8 13. Qd2 Qc7 14. Nd3 Nd7 15. Rfe1 Bxg3 16. hxg3 Qd6 17. Re3 Re4 18. f3 Rxd4 19. c3 Rxd3 20. Qxd3 Qxg3 21. Qe2 Qd6 22. Rd1 g5 23. Re6 Qc5+ 24. Qe3 Qxe3+ 25. Rxe3 Kf7 26. c4 Ne5 27. cxd5 Rd8 28. d6 Ke6 29. g3 Rxd6 30. Rxd6+ Kxd6 31. Kf2 h5 32. Ke2 a5 33. Rc3 b5 34. Rc1 Ng6 35. Rd1+ Ke6 36. Rd8 a4 37. Rg8 Kf5 38. g4+ hxg4 39. fxg4+ Kxg4 40. Rxg6 f5 41. Rxc6 1-0